UBT Library

BRITISH MYCOLOGICAL SOCIETY (Record no. 59289)

000 -LEADER
fixed length control field 00329nam a22001457a 4500
008 - FIXED-LENGTH DATA ELEMENTS--GENERAL INFORMATION
fixed length control field 230127b ||||| |||| 00| 0 eng d
020 ## - INTERNATIONAL STANDARD BOOK NUMBER
International Standard Book Number 12951968
041 ## - LANGUAGE CODE
Language code of text/sound track or separate title eng
080 ## - UNIVERSAL DECIMAL CLASSIFICATION NUMBER
Edition identifier VOLUME 51
Universal Decimal Classification number 573
082 ## - DEWEY DECIMAL CLASSIFICATION NUMBER
Classification number 573MAN
100 ## - Rafti
Rafti 17
101 ## - Shkurtesa
Shkurtesa MICR
245 ## - TITLE STATEMENT
Title BRITISH MYCOLOGICAL SOCIETY
Statement of responsibility, etc MANNERS G J
942 ## - ADDED ENTRY ELEMENTS (KOHA)
Source of classification or shelving scheme
Item type Books
Holdings
Withdrawn status Lost status Source of classification or shelving scheme Damaged status Not for loan Collection code Permanent location Current location Date acquired Total Checkouts Full call number Barcode Date last seen Price effective from Koha item type
          Koleksioni i përgjithshem UBT - Lipjan UBT - Lipjan 01/27/2023   573MAN 003-135 01/27/2023 01/27/2023 Books
          Koleksioni i përgjithshem UBT - Lipjan UBT - Lipjan 01/27/2023   573MAN 003-136 01/27/2023 01/27/2023 Books
          Koleksioni i përgjithshem UBT - Lipjan UBT - Lipjan 01/27/2023   573MAN 003-137 01/27/2023 01/27/2023 Books
          Koleksioni i përgjithshem UBT - Lipjan UBT - Lipjan 01/27/2023   573MAN 003-138 01/27/2023 01/27/2023 Books
          Koleksioni i përgjithshem UBT - Lipjan UBT - Lipjan 01/27/2023   573MAN 003-139 01/27/2023 01/27/2023 Books
          Koleksioni i përgjithshem UBT - Lipjan UBT - Lipjan 01/27/2023   573MAN 003-140 01/27/2023 01/27/2023 Books
          Koleksioni i përgjithshem UBT - Lipjan UBT - Lipjan 01/27/2023   573MAN 003-141 01/27/2023 01/27/2023 Books
          Koleksioni i përgjithshem UBT - Lipjan UBT - Lipjan 01/27/2023   573MAN 003-142 01/27/2023 01/27/2023 Books
          Koleksioni i përgjithshem UBT - Lipjan UBT - Lipjan 01/27/2023   573MAN 003-143 01/27/2023 01/27/2023 Books
          Koleksioni i përgjithshem UBT - Lipjan UBT - Lipjan 01/27/2023   573MAN 003-144 01/27/2023 01/27/2023 Books
          Koleksioni i përgjithshem UBT - Lipjan UBT - Lipjan 01/27/2023   573MAN 003-145 01/27/2023 01/27/2023 Books
          Koleksioni i përgjithshem UBT - Lipjan UBT - Lipjan 01/27/2023   573MAN 003-146 01/27/2023 01/27/2023 Books
UBT Library © 2015-2024. All rights reserved University Education for Business and Technology